| 000 | 00939nam a2200205 a 4500 | ||
|---|---|---|---|
| 082 | 0 | 0 |
_a620.13617 _bDUR _cL-39, P-186 |
| 245 | 0 | 0 |
_aDurable concrete in hot climates / _cCameron MacInnis, editor. |
| 260 |
_aDetroit, Mich. : _bAmerican Concrete Institute, _cc1993. |
||
| 300 |
_avi, 188 p. : _bill. ; _c23 cm. |
||
| 490 | 1 | _aSP ; | |
| 500 | _a"International Symposium on 'How to Produce Durable Concrete in Hot Climates', sponsored by Committee 201 on Durability of Concrete, was held at the ACI Fall Convention in San Juan, Puerto Rico in October 1992"--Pref. | ||
| 526 |
_a0 _b0 _c0 _d620_136170000000000_DUR |
||
| 650 | 0 |
_aConcrete construction _xHot weather conditions _xCongresses. _946654 |
|
| 650 | 0 |
_aConcrete _xEffect of temperature on _xCongresses. _946655 |
|
| 650 | 0 |
_aConcrete _xTesting _xCongresses. _946656 |
|
| 650 | 0 |
_aMCE _9379 |
|
| 700 | 1 |
_aMacInnis, Cameron. _946657 |
|
| 710 | 2 |
_aACI Committee 201. _941023 |
|
| 942 |
_2ddc _cBK |
||
| 999 |
_c550004 _d550004 |
||